Advertising

Bibliographic Details
Main Author: Dade, Bob
Format: Book
Published: London : Franklin Watts , 1991
Series:Finding out about
Subjects:

MARC

LEADER 00000cam a2200000 7i4500
001 0000002676
002 000002904
005 .0
020 |a 0749606541 
090 0 0 |a J 030   |b FIN 
100 1 |a Dade, Bob 
245 1 0 |a Advertising   |c Bob Dade 
260 |a London :   |b Franklin Watts ,   |c 1991 
300 |a 46 p. ;   |c 30 cm. 
490 0 |a Finding out about 
650 0 0 |a Advertising   |x Juvenile literature 
999 |a 036153   |b BUKU   |c JUNIOR REFERENCE   |e PERPUSTAKAAN KOMUNITI PETALING JAYA